Statistiken für Personen, die im Neuen und Alten Testament vorkommen - A

Klicken Sie hier um das Quiz zu spielen!

Allgemein

  • Dieses Quiz wurde 63 mal gespielt
    (44 seit der letzten Aktualisierung)
  • Das Durchschnittsergebnis liegt bei 2 aus 10

Antwortstatistiken

Antwort% Korrekt
Abraham
82%
Adam
62%
Abel
41%
Aaron
33%
Asa
5%
Ahas
3%
Abija
0%
Amminadab
0%
Amon
0%
Arpraschad
0%

Verteilung der Resultate

Perzentil nach korrekt beantworteten Fragen

Anzahl Personen mit jedem Resultat

Ihre Resultats-Entwicklung

Sie haben dieses Quiz seit der letzten Aktualisierung nicht gespielt